000 00225nam a2200085 4500
001 1300963
005 20260420125133.0
245 _aGENÇLER İÇİN PEYGAMBERİMİZİN (A.S.M.) HAYATI
_cMEHMET DİKMEN
260 _bNESİL YAYINEVİ
999 _c1300963
_d1300963